Lollo má dnes 75 rokov "Šťastný je človek iba krátko, o ...

Bibliographic Details
Main Author: Hladík, Dalibor, 1970-2008 (Author)
Format: Article
Language:Slovak
PhysicalDescription:Fotogr.
ISSN:1335-4671
Subjects:

MARC

LEADER 00000nab a2200000 a 4500
001 vtls000802763
003 SK-MaSNL
005 20260303223335.0
008 160321c2002 xo 0 slo
015 |a SNBRB2002/08-24135 
035 |a CLN000154418 
040 |a SNKBUCL  |b slo  |c SNKBUCL  |e AACR2 
041 0 |a slo 
044 |a xo  |c SK 
080 |a 791.44.071.2  |2 UDC-MRF-SK2 
080 |a 929 Lollobrigida, Gina  |2 UDC-MRF-SK2 
100 1 |a Hladík, Dalibor,  |d 1970-2008  |4 aut  |9 9614 
245 1 0 |a Lollo má dnes 75 rokov  |b "Šťastný je človek iba krátko, o ...  |c Dalibor Hladík 
300 |b Fotogr. 
600 1 7 |a Lollobrigida, Gina,  |d 1927-2022  |2 snkbucl  |9 8712 
655 7 |a články z novín a časopisov  |2 snkbucl  |9 267496 
773 0 |x 1335-4671  |t Národná obroda  |g Roč. 13, č. 154 (4.7.2002) 
773 0 |x 1335-4671  |t [Príl.] Štýl  |g Roč. 6, s. V 
850 |a Slovenská národná knižnica v Martine 
852 |a SNK  |b KIS3GCP 
958 |a IT 
958 |a BC 
958 |a RBX 
999 |c 2247300  |d 2249230